000 01442nam a22003257a 4500
001 4014
003 FISKH
005 20250828111320.0
008 240531b cb ||||| |||| 00| 0 eng d
010 _a 2016600583
020 _a1422968243
020 _a9780545496728
024 1 _a733961205671
040 _aDLC
_cDLC
_eamim
_beng
050 _aTL789.U6
082 _a629.454
100 _aFloca, Brian
245 0 0 _aMoonshot :
_bThe flight of Apollo 11 /
_cBrian Floca
260 _cNew York :
_aScholastic,
_b2009.
300 _a44 unnumbered pages :
_bcolor illustrations ;
_c26 cm
505 _aP
520 _a"Relive the breathtaking story of Apollo 11 and the first manned landing on the moon. Go aboard the rocket and on its eight-day round trip to outer space for a close-up look at one of the most stunning and courageous personal and technological achievements of man. Interlaced with original NASA footage. Covers the crew's earliest days at NASA to the moment when Neil Armstrong and Buzz Aldrin step on the moon. From home life and families, to the argument over who would be the first to walk on the lunar surface"--videodisc container.
521 8 _a650
_bLexile estimate
521 8 _aP
_bRaz-Plus
650 _aApollo 11
_vSpace
_xAstronauts
_yHistory
650 _aMoon Landing
_vScience
_xNASA
906 _a0
_bcbc
_corignew
_du
_encip
_f20
_gy-movingim
942 _2ddc
_cBK
_n0
999 _c4014
_d4014